Η θέση και ο ρόλος της Ρόδου και των νησιών της Δωδεκανήσου στο θαλάσσιο δίκτυο επαφών και ανταλλαγών του Νότιου Αιγαίου με τη Μινωική Κρήτη, τη Μυκηναϊκή Ελλάδα, τα παράλια της Μ. Ασίας και τις περιοχές της Νοτιοανατολικής Μεσογείου την Εποχή του Χαλκού : από τα ανασκαφικά δεδομένα στον σχεδιασμό εκπαιδευτικών προγραμμάτων στην Α' θμια εκπαίδευση : διπλωματική εργασία [διδακτορική διατριβή]
Αποθηκεύτηκε σε:
| Κύριος συγγραφέας: | |
|---|---|
| Συγγραφή απο Οργανισμό/Αρχή: | |
| Άλλοι συγγραφείς: | |
| Μορφή: | Thesis Βιβλίο |
| Γλώσσα: | Greek |
| Δημοσίευση: |
2023.
|
| Θέματα: | |
| Ετικέτες: |
Προσθήκη ετικέτας
Δεν υπάρχουν, Καταχωρήστε ετικέτα πρώτοι!
|
MARC
| LEADER | 00000nam a2200000 a 4500 | ||
|---|---|---|---|
| 001 | 1/127744 | ||
| 008 | 231124s2023####gr | ||| |||| ||gre|| | ||
| 040 | |a GR-MyUa |b gre |c GR-MyUa |e AACR2 | ||
| 041 | 0 | |a gre | |
| 082 | 7 | |a 938.977 |2 (23) | |
| 100 | 1 | |a Διακαντώνης, Ηλίας Ν. | |
| 245 | 1 | 1 | |a Η θέση και ο ρόλος της Ρόδου και των νησιών της Δωδεκανήσου στο θαλάσσιο δίκτυο επαφών και ανταλλαγών του Νότιου Αιγαίου με τη Μινωική Κρήτη, τη Μυκηναϊκή Ελλάδα, τα παράλια της Μ. Ασίας και τις περιοχές της Νοτιοανατολικής Μεσογείου την Εποχή του Χαλκού : |b από τα ανασκαφικά δεδομένα στον σχεδιασμό εκπαιδευτικών προγραμμάτων στην Α' θμια εκπαίδευση : διπλωματική εργασία [διδακτορική διατριβή] / |c Διακαντώνης Ηλίας Ν. ; επιβλέπουσα καθηγήτρια: Παναγιωτάκη Μαρίνα. |
| 260 | |b 2023. | ||
| 300 | |a 674 σ : |b εικ., χάρτ., ; |c 30 εκ. | ||
| 500 | |a Μέλη εξεταστικής επιτροπής: Παναγιωτάκη Μαρίνα, Κουσούλης Παναγιώτης, Σταμάτης Παναγιώτης, Στεφανάκης Εμμανουήλ, Συρόπουλος Σπυρίδων, Κοντάκος Αναστάσιος, Κόνσολας Εμμανουήλ. | ||
| 502 | |a Διπλωματική εργασία - Πανεπιστήμιο Αιγαίου, Ρόδος 2023. | ||
| 504 | |a Βιβιογραφία : σ. 365-413. | ||
| 506 | 1 | |a Πλήρες κείμενο - Ενδοπανεπιστημιακή δημοσίευση - Κλειδωμένη η δυνατότητα αντιγραφής. | |
| 650 | 0 | |a Shipping |z Aegean Islands. | |
| 650 | 0 | |a Transportation |z Aegean Sea Region. | |
| 650 | 0 | |a Civilization, Aegean. | |
| 650 | 0 | |a Education, Primary |x Activity programs |z Greece. | |
| 650 | 0 | |a Bronze age |z Aegean Sea Region. | |
| 651 | 0 | |a Aegean Sea Region |x Antiquities. | |
| 651 | 0 | |a Rhodes (Greece : Island) |x Economic conditions |x History. | |
| 700 | 1 | |a Παναγιωτάκη, Μαρίνα, |e dgsf | |
| 710 | 2 | |a Πανεπιστήμιο Αιγαίου. |b Σχολή Ανθρωπιστικών Επιστημών. |b Τμήμα Μεσογειακών Σπουδών. | |
| 852 | |a INST |b RHODES |c DIATR |e 20231124 |h 938.977 ΔΙΑ |p 005400043898 |q 005400043898 |t PHD |y 23 | ||
| 924 | |a Διακαντώνης |b Ηλίας Ν. |y Ρόδος |z 2023-10 | ||
| 970 | |a Καραγιάννης |b Φίλιππος |z 24/11/2023 | ||